| 000 | 00555nam a22001937a 4500 | ||
|---|---|---|---|
| 005 | 20250514155416.0 | ||
| 010 | _aENG-144884 | ||
| 020 |
_c301.0954 _a9788123710310 |
||
| 035 | _aEN-128418 | ||
| 037 | _bDBAD | ||
| 082 |
_a301.09541 _21 |
||
| 100 |
_aDube, S.C _981197 |
||
| 245 |
_aIndian Society/ _cS.C Dube |
||
| 260 |
_aNew Delhi _bDirector,National Book Trust _c1990 |
||
| 270 |
_aNehru Bhawan,5 Institutional Area,Phase-II _bnew Delhi _e110070 |
||
| 300 |
_a147p _c21(pb) |
||
| 760 | _b1 | ||
| 942 |
_2ddc _cEN _h301.0954 _mDUB _e1 |
||
| 999 |
_c211270 _d211270 |
||